000 01141cam a2200313 i 4500
001 20045924
005 20180302090652.0
008 171004s2017 ph b 001 0 eng
010 _a 2017357154
020 _a9789711013585
040 _aDLC
_beng
_cDLC
_erda
_dDLC
042 _alcode
_apcc
043 _aa-ph---
245 0 0 _aMindanao Muslim history :
_bdocumentary sources from the advent of Islam to the 1800s /
_ccompiled and edited by John Harvey D. Gamas [and six others].
250 _aNewsprint edition.
300 _axviii, 326 pages ;
_c23 cm
336 _atext
337 _aunmediated
338 _avolume
504 _aIncludes bibliographical references and index.
546 _aIn English.
650 0 _aMuslims
_zPhilippines
_zMindanao Island
_xHistory
_vSources.
650 0 _aIslam
_zPhilippines
_zMindanao Island
_xHistory
_vSources.
651 0 _aMindanao Island (Philippines)
_xHistory
_vSources.
700 1 _aGamas, John Harvey D.,
_ecompiler,
_eeditor.
710 2 _aNew Day Publishers,
_epublisher.
710 2 _aAteneo de Davao University.
_bUniversity Publication Office,
_epublisher.
942 _2lcc
_cBK
999 _c40880
_d40880